Statistics for Countries with Common 3-Letter Groups

Click here to take the quiz!

General Stats

  • This quiz has been taken 1,083 times
  • The average score is 16 of 34

Answer Stats

Answer % Correct
Portugal
98%
Germany
97%
Mali
82%
Zambia
67%
Bangladesh
67%
Malawi
66%
Niger
65%
Gambia
63%
Nigeria
62%
Malaysia
60%
Maldives
58%
Yemen
54%
Burundi
53%
Turkmenistan
46%
Canada
44%
Panama
44%
Malta
44%
Algeria
44%
Armenia
41%
Venezuela
40%
Somalia
40%
Ghana
39%
Cambodia
37%
Albania
35%
Belarus
32%
Singapore
31%
Brunei
26%
Guatemala
25%
Botswana
23%
Guyana
22%
Mozambique
21%
Ireland
18%
Lebanon
17%
Iceland
17%

Score Distribution

Percentile by Number Answered

Percent of People with Each Score

Your Score History

You have not taken this quiz